| 000 | | | 03728nmc2a22002413x 450 |
| 001 | | | 1e987ef6-c2dc-465e-a207-8e535e1138b4 |
| 005 | | | 20211026044214.0 |
| 100 | ## | $a | 20210730l19111912k l0rusy0189 ca |
| 101 | 0# | $a | rus |
| 102 | ## | $a | RU |
| 105 | ## | $a | y### |
| 122 | 2# | $a | d |
| 200 | 1# | $a | Оплаченные документы по счетной части (смотри 1911 год) |
| | $j | 15 января 1911 г. - 7 марта 1912 г. |
| 215 | ## | $a | 184 л. |
| | $d | 36,5х26 см |
| 251 | ## | $c | Дело |
| 300 | ## | $a | По Санкт-Петербургской конторе Дирекции императорских театров |
| 371 | ## | $a | Документ не является опубликованным и широко распространяемым |
| 461 | #0 | $1 | 0019264ebf8-de62-4f1a-9eb4-9f22098dbbd5 |
| | $1 | 2001 |
| | $a | Дирекция императорских театров МИДв |
| | $1 | 251 |
| | $c | Фонд |
| | $1 | 852 |
| | $j | 497 |
| 462 | #0 | $1 | 001ff15f5e8-b5fa-4fe1-bbcd-275cd0305ec2 |
| | $1 | 2001 |
| | $a | Дела Санкт-Петербургской конторы Дирекции императорских театров и дела Московской конторы Дирекции императорских театров |
| | $1 | 251 |
| | $c | Опись |
| | $1 | 852 |
| | $j | 10 |
| 801 | #0 | $a | RU |
| | $b | РГИА |
| | $c | 20210730 |
| | $g | RCR |
| 801 | #1 | $a | RU |
| | $b | ГлавНИВЦ |
| | $c | 20210730 |
| | $2 | rusmarc |
| 801 | #2 | $a | RU |
| | $b | ПБ им. Б.Н. Ельцина |
| | $c | 20211026 |
| | $g | RCR |
| | $2 | rusmarc |
| 850 | ## | $a | РГИА |
| 852 | ## | $a | РГИА |
| | $e | Федеральное казенное учреждение "Российский государственный исторический архив" (РГИА) |
| | $j | 1157 |
| 937 | ## | $h | РГИА |
| | $d | 12360754 |
| | $a | ASBIBLIO_SCAN |
| 035 | ## | $a | RusGRCC00030732 |
| 856 | ## | $u | http://readingroom.main.prlib.ru/item.aspx?id_node=n169990730&mode=full |